[Event "Al Ain Classic 2012"]
[Site "Al-Ain UAE"]
[Date "2012.12.24"]
[Round "3.25"]
[White "Sayed, Hussain"]
[Black "Saydaliev, Saidakbar"]
[Result "1-0"]
[WhiteElo "1970"]
[BlackElo "1950"]
[WhiteFideId "10618830"]
[BlackFideId "14203693"]
[EventDate "2012.12.22"]

1. e4 c5 2. c3 e6 3. d4 d5 4. exd5 exd5 5. Nf3 Nc6 6. Be2 Bd6 7. dxc5 Bxc5 8.
O-O Nge7 9. Nbd2 O-O 10. Nb3 Bd6 11. Nbd4 a6 12. Bd3 h6 13. h3 Qc7 14. Re1 Bd7
15. a4 Rfe8 16. Be3 Na5 17. Nd2 Nac6 18. N2f3 Rac8 19. Rc1 Na5 20. b3 Qb8 21.
Qd2 h5 22. Bc2 Nac6 23. Qd3 g6 24. Qd2 Nxd4 25. Bxd4 Bf4 26. Be3 Bxe3 27. Rxe3
Nf5 28. Rxe8+ Rxe8 29. Bxf5 Bxf5 30. Qh6 Qc7 31. c4 dxc4 32. Rxc4 Qd6 33. Rc1
Qf8 34. Qf4 Rc8 35. Re1 Re8 36. Re5 Rxe5 37. Qxe5 Qd8 38. Nd4 Bc8 39. Kh2 Kh7
40. Ne2 Be6 41. Nd4 Qd5 42. Qe3 Bd7 43. f4 Bc6 44. Nf3 Qe4 45. Ng5+ 1-0

[Event "Al Ain Classic 2012"]
[Site "Al-Ain UAE"]
[Date "2012.12.25"]
[Round "4.1"]
[White "Kotanjian, Tigran"]
[Black "Miroshnichenko, Evgenij"]
[Result "1-0"]
[WhiteTitle "GM"]
[BlackTitle "GM"]
[WhiteElo "2518"]
[BlackElo "2628"]
[WhiteFideId "13301250"]
[BlackFideId "14102595"]
[EventDate "2012.12.22"]

1. d4 f5 2. c4 Nf6 3. Nc3 d6 4. Nf3 g6 5. g3 Bg7 6. Bg2 O-O 7. O-O c6 8. d5 e5
9. dxe6 Bxe6 10. Qd3 Na6 11. Ng5 Re8 12. Bf4 Nh5 13. Nxe6 Rxe6 14. Be3 Nc5 15.
Qd2 a5 16. Rad1 Qf8 17. Bxc5 dxc5 18. Na4 Nf6 19. e3 h5 20. Qc2 h4 21. Qb3 Qe7
22. Qb6 hxg3 23. hxg3 Bf8 24. Rd3 Ng4 25. Rc1 Ne5 26. Rb3 Rd8 27. Qxb7 Rd7 28.
Qa8 Red6 29. Rf1 Rd8 30. Rb8 Rxb8 31. Qxb8 Ng4 32. Nc3 Rd8 33. Qb6 Rd2 34. Bf3
Ne5 35. Bxc6 Bh6 36. Rd1 Bxe3 37. Rxd2 Bxd2 38. Bd5+ Kg7 39. Qb8 Bxc3 40. bxc3
Ng4 41. Qg8+ Kf6 42. Kg2 a4 43. Qh8+ Qg7 44. Qe8 Qe7 45. Qxa4 Kg5 46. Qa3 Kf6
47. Qa6+ Kg5 48. Qe6 Qa7 49. a4 Qh7 50. f4+ Kh6 51. Qg8 1-0

[Event "Al Ain Classic 2012"]
[Site "Al-Ain UAE"]
[Date "2012.12.25"]
[Round "4.2"]
[White "Paragua, Mark"]
[Black "Hamdouchi, Adina-Maria"]
[Result "1-0"]
[WhiteTitle "GM"]
[BlackTitle "WGM"]
[WhiteElo "2533"]
[BlackElo "2211"]
[WhiteFideId "5201241"]
[BlackFideId "1206435"]
[EventDate "2012.12.22"]

1. e4 d6 2. d4 g6 3. Nc3 Bg7 4. f4 Nf6 5. Nf3 O-O 6. Bd3 Na6 7. O-O c5 8. d5 Nc7
9. a4 a6 10. Qe1 Rb8 11. a5 Bg4 12. Nd2 Bd7 13. Nc4 e6 14. Nxd6 exd5 15. e5 Nfe8
16. f5 c4 17. f6 Nxf6 18. Bg5 h6 19. exf6 hxg5 20. fxg7 Kxg7 21. Nxf7 Qe8 22.
Bxg6 Kxg6 23. Ne5+ Kg7 24. Rxf8 Kxf8 25. Qg3 Ke7 26. Re1 Be6 27. Qxg5+ Kd6 28.
Nxc4+ 1-0

[Event "Al Ain Classic 2012"]
[Site "Al-Ain UAE"]
[Date "2012.12.25"]
[Round "4.3"]
[White "Bajarani, Ulvi"]
[Black "Dimakiling, Oliver"]
[Result "1/2-1/2"]
[WhiteTitle "IM"]
[BlackTitle "IM"]
[WhiteElo "2425"]
[BlackElo "2453"]
[WhiteFideId "13403028"]
[BlackFideId "5202248"]
[EventDate "2012.12.22"]

1. e4 d6 2. f4 Nf6 3. Nc3 e5 4. Nf3 Bg4 5. Bb5+ c6 6. Be2 exf4 7. d3 Nh5 8. O-O
g5 9. e5 d5 10. e6 fxe6 11. Ne5 Bxe2 12. Qxe2 Ng7 13. g3 Nd7 14. gxf4 Bd6 15.
Nxd7 Qxd7 16. fxg5 O-O-O 17. Bf4 e5 18. Bxe5 Rhe8 19. d4 Bxe5 20. dxe5 Ne6 21.
h4 Nf8 22. Rae1 Qh3 23. Qh2 Qg4+ 24. Kh1 Ng6 25. h5 Ne7 26. Rg1 Qf3+ 27. Rg2 Rg8
28. Kg1 Rdf8 29. g6 hxg6 30. h6 Rh8 31. e6 Rf4 32. h7 d4 33. Nd1 Nf5 34. Rxg6
Rg4+ 35. Rxg4 Qxg4+ 36. Qg2 Qxg2+ 37. Kxg2 Rxh7 38. Rf1 Nd6 39. Rf4 c5 40. Nf2
Kd8 41. Nd3 b6 42. b4 Rh5 43. bxc5 bxc5 44. Rf8+ Ke7 45. Ra8 Rg5+ 46. Kf3 Kxe6
47. Rxa7 Kd5 48. a4 Rf5+ 49. Kg4 Rf1 50. a5 Nc4 51. a6 Ne3+ 52. Kg3 c4 53. Rd7+
Kc6 54. Ne5+ Kc5 55. Rd8 Ra1 56. Ra8 Kb6 57. Rb8+ Kc7 58. Rb7+ Kd6 59. Nf7+ Kc5
60. a7 Nxc2 61. Nd8 d3 62. Rc7+ Kd6 63. Rxc4 d2 64. Nb7+ Ke5 65. Rc5+ Kd4 66.
Na5 d1=Q 67. Rd5+ Kxd5 68. a8=Q+ Kd6 69. Qf8+ Kc7 70. Qc5+ Kd7 71. Qc6+ Ke7 72.
Qe4+ Kf6 73. Qf4+ Ke6 74. Qe4+ Kd6 75. Qf4+ Kc5 76. Nb3+ Kd5 77. Nxa1 Nd4 78.
Qf7+ Ke4 79. Qb7+ Ke5 80. Qc7+ Kd5 81. Qf7+ Kc5 82. Nb3+ Nxb3 83. Qf5+ Kb6 84.
Qe6+ Kb5 85. Qe8+ Kb4 86. Qf8+ Nc5 87. Qf4+ Kb5 88. Qb8+ Kc6 89. Qa8+ Kc7 90.
Qa5+ Kd6 91. Qb6+ 1/2-1/2

[Event "Al Ain Classic 2012"]
[Site "Al-Ain UAE"]
[Date "2012.12.25"]
[Round "4.4"]
[White "Arjun, Bharat"]
[Black "Raetsky, Alexander"]
[Result "0-1"]
[WhiteTitle "CM"]
[BlackTitle "GM"]
[WhiteElo "2295"]
[BlackElo "2427"]
[WhiteFideId "5032725"]
[BlackFideId "4103203"]
[EventDate "2012.12.22"]

1. Nf3 d5 2. d4 Nc6 3. c4 Bg4 4. Bf4 Bxf3 5. gxf3 e6 6. e3 Bb4+ 7. Nc3 Nf6 8.
Qc2 O-O 9. O-O-O dxc4 10. Bxc4 Bxc3 11. Qxc3 Nd5 12. Bxd5 Qxd5 13. Rhg1 f6 14.
Qb3 Qxb3 15. axb3 Kf7 16. d5 exd5 17. Rxd5 Rfd8 18. Rxd8 Rxd8 19. Rd1 Rxd1+ 20.
Kxd1 Ne5 21. Ke2 Ke6 22. e4 c5 23. Be3 b6 24. f4 Nc6 25. Kd3 f5 26. f3 g6 27.
Kc4 Na5+ 28. Kc3 Nc6 29. Kc4 a6 30. Bf2 Kd6 31. Be3 Na5+ 32. Kc3 Nc6 33. Kc4 b5+
34. Kc3 a5 35. Bf2 Nd8 36. Kd3 Ne6 37. Be3 Kc6 38. Kc3 Kb6 39. Kd3 Kc6 40. Kc3
Nd8 41. Kd3 Nb7 42. Bf2 Nd6 43. Bh4 Nb7 44. Be1 Kb6 45. Bh4 Kc6 46. Be1 a4 47.
bxa4 bxa4 48. Bc3 Kb5 49. Be1 Nd8 50. Bc3 Ne6 51. Bd2 Nd4 52. Bc3 Nxf3 53. h3 h5
54. Ke3 fxe4 55. Kxe4 Nh4 56. Kd3 0-1

[Event "Al Ain Classic 2012"]
[Site "Al-Ain UAE"]
[Date "2012.12.25"]
[Round "4.5"]
[White "Hassan, Sayed Barakat"]
[Black "Parligras, Mircea-Emilian"]
[Result "0-1"]
[WhiteTitle "IM"]
[BlackTitle "GM"]
[WhiteElo "2347"]
[BlackElo "2628"]
[WhiteFideId "10600299"]
[BlackFideId "1204297"]
[EventDate "2012.12.22"]

1. e4 c5 2. Nc3 d6 3. f4 g6 4. Nf3 Bg7 5. Bb5+ Bd7 6. Bxd7+ Qxd7 7. O-O Nc6 8.
d3 e6 9. Be3 Nge7 10. Qe1 O-O 11. Rd1 Nd4 12. Rd2 f5 13. Qh4 Rae8 14. g4 Nec6
15. Ng5 h6 16. Nf3 Qf7 17. Rg2 g5 18. Qh3 gxf4 19. Bxd4 Nxd4 20. gxf5 exf5 21.
Nxd4 cxd4 22. Nb5 fxe4 23. Nxd6 Qe6 24. Qxe6+ Rxe6 25. Nxe4 Kh7 26. Rf3 Rf5 27.
c4 dxc3 28. bxc3 b5 29. Re2 Rc6 30. d4 b4 31. cxb4 Bxd4+ 32. Kf1 Rf7 33. Rd2 Be3
34. Rd6 Rc1+ 35. Ke2 Rc2+ 36. Kd3 Rxh2 37. a4 Kg7 38. a5 Rb7 39. Kc4 Rb2 40. Nc3
Rc7+ 41. Kb5 Rxc3 42. Rh3 Rc5+ 43. Ka4 Rc4 44. Rhxh6 Rbxb4+ 45. Ka3 Bc1+ 0-1

[Event "Al Ain Classic 2012"]
[Site "Al-Ain UAE"]
[Date "2012.12.25"]
[Round "4.6"]
[White "Grigoryan, Karen H."]
[Black "Mokhtar, Ahmed"]
[Result "1-0"]
[WhiteTitle "IM"]
[WhiteElo "2513"]
[BlackElo "2282"]
[WhiteFideId "13301004"]
[BlackFideId "10600698"]
[EventDate "2012.12.22"]

1. d4 d5 2. c4 dxc4 3. Nf3 c5 4. Nc3 Nf6 5. d5 e6 6. e4 exd5 7. e5 d4 8. Bxc4
dxc3 9. Bxf7+ Ke7 10. exf6+ gxf6 11. Bd5 Qd6 12. O-O cxb2 13. Bxb2 Bg7 14. Re1+
Kd7 15. Re6 Qxe6 16. Bxe6+ Kxe6 17. Qb3+ Ke7 18. Re1+ Kd8 19. Qf7 1-0

[Event "Al Ain Classic 2012"]
[Site "Al-Ain UAE"]
[Date "2012.12.25"]
[Round "4.7"]
[White "Bakre, Tejas"]
[Black "Manakova, Maria"]
[Result "1-0"]
[WhiteTitle "GM"]
[BlackTitle "WGM"]
[WhiteElo "2492"]
[BlackElo "2338"]
[WhiteFideId "5004195"]
[BlackFideId "927007"]
[EventDate "2012.12.22"]

1. c4 Nf6 2. Nc3 e5 3. g3 d5 4. cxd5 Nxd5 5. Bg2 Nb6 6. Nf3 Nc6 7. O-O Be7 8. a3
a5 9. d3 O-O 10. Be3 Be6 11. Rc1 Nd5 12. Ne4 Nxe3 13. fxe3 Rb8 14. Nc5 Bc8 15.
Qa4 Bd6 16. Nb3 Ra8 17. Nbd2 Ne7 18. Qe4 Bf5 19. Qxb7 Rb8 20. Qa6 Rxb2 21. Qxa5
Be6 22. Rb1 Ra2 23. Ra1 Rxa1 24. Rxa1 Nf5 25. Kf2 Nh6 26. h3 f6 27. Ne4 Qd7 28.
Rh1 Rb8 29. Qa7 Rb2 30. Nxd6 Qxd6 31. Rc1 Nf7 32. Rxc7 g6 33. Rc3 Kg7 34. Ne1 h5
35. Rc6 Qd7 36. Qxd7 Bxd7 37. Ra6 Bc8 38. Ra7 Kf8 39. d4 Nd6 40. Nd3 Rd2 41.
dxe5 fxe5 42. Nxe5 Bf5 43. g4 hxg4 44. hxg4 Bc2 45. e4 Nb5 46. Nxg6+ Ke8 47.
Ra8+ Rd8 48. Ra5 Nc3 49. Rc5 Nd1+ 50. Kg3 Rd2 51. Bf3 Bb3 52. g5 Ra2 53. Rc8+
Kd7 54. Bg4+ Kd6 55. Kf4 Rxa3 56. e5+ Kd5 57. Ne7+ Kd4 58. Nf5+ Kd5 59. e4+ Ke6
60. Nd6+ 1-0

[Event "Al Ain Classic 2012"]
[Site "Al-Ain UAE"]
[Date "2012.12.25"]
[Round "4.8"]
[White "Abdel Razik, Khaled"]
[Black "Yasseen, Aly"]
[Result "1-0"]
[WhiteTitle "IM"]
[BlackTitle "IM"]
[WhiteElo "2448"]
[BlackElo "2280"]
[WhiteFideId "10601104"]
[BlackFideId "10600116"]
[EventDate "2012.12.22"]

1. d4 c5 2. d5 e5 3. e4 d6 4. Bb5+ Bd7 5. a4 Nf6 6. Nc3 a6 7. Bd3 Be7 8. h3 O-O
9. Nf3 Ne8 10. g4 g6 11. Bh6 Ng7 12. Rg1 Qc8 13. Nd2 Be8 14. Nc4 Nd7 15. a5 Qc7
16. Na4 Rd8 17. Nab6 Nxb6 18. axb6 Qc8 19. Ne3 Bd7 20. Qd2 Rde8 21. b4 cxb4 22.
Qxb4 Qb8 23. Nc4 Bb5 24. Na5 Bxd3 25. cxd3 Rc8 26. Qa4 Rfd8 27. Ke2 Rc5 28. Be3
Rb5 29. Rab1 h5 30. Rxb5 axb5 31. Qxb5 hxg4 32. hxg4 Qc8 33. Kd2 Ne8 34. f3 Qa8
35. Rc1 Rc8 36. Rxc8 Qxc8 37. Nxb7 1-0

[Event "Al Ain Classic 2012"]
[Site "Al-Ain UAE"]
[Date "2012.12.25"]
[Round "4.9"]
[White "Raes, A"]
[Black "Ibrayev, Nurlan"]
[Result "1-0"]
[BlackTitle "GM"]
[WhiteElo "2235"]
[BlackElo "2406"]
[WhiteFideId "7600801"]
[BlackFideId "13700650"]
[EventDate "2012.12.22"]

1. e4 c5 2. Nf3 e6 3. d3 Nc6 4. g3 g6 5. Bg2 Bg7 6. O-O Nge7 7. c3 O-O 8. Re1 d6
9. Be3 h6 10. Na3 Kh7 11. d4 cxd4 12. Nxd4 a6 13. Qd2 Ne5 14. h3 Qc7 15. f4 Nc4
16. Nxc4 Qxc4 17. Nb3 Qc7 18. Rad1 d5 19. Qf2 Re8 20. Bb6 Qc6 21. Bd4 Bf8 22. g4
dxe4 23. Bxe4 Qa4 24. Nc5 Qxa2 25. Ra1 Qc4 26. b3 Qb5 27. c4 Qb4 28. Ra4 1-0

[Event "Al Ain Classic 2012"]
[Site "Al-Ain UAE"]
[Date "2012.12.25"]
[Round "4.10"]
[White "Tarasova, Viktoriya"]
[Black "Moosavian, S.Hamed"]
[Result "1/2-1/2"]
[WhiteTitle "WIM"]
[BlackTitle "IM"]
[WhiteElo "2254"]
[BlackElo "2377"]
[WhiteFideId "4175840"]
[BlackFideId "12501930"]
[EventDate "2012.12.22"]

1. d4 Nf6 2. c4 e6 3. Nc3 c5 4. d5 exd5 5. cxd5 d6 6. Nf3 g6 7. Bf4 a6 8. a4 Bg7
9. h3 O-O 10. e3 Qc7 11. Nd2 Nbd7 12. Be2 Rb8 13. O-O Re8 14. Bh2 Nb6 15. a5
Nbd7 16. Nc4 Bf8 17. Na4 Ne5 18. Bxe5 dxe5 19. d6 Qc6 20. Rc1 e4 21. Nab6 Rd8
22. Qc2 Be6 23. Rfd1 Bxd6 24. Nxd6 Rxd6 25. Rxd6 Qxd6 26. Qxc5 Qd2 27. Qc3 Qxe2
28. Qxf6 Qb5 29. Qc3 Rd8 30. Qc7 Rd2 31. b4 Qg5 32. Nc4 Rd7 33. Qb8+ Kg7 34. Nb6
Rd2 35. Qxb7 Qh4 36. Rf1 Qg5 37. Rc1 Bxh3 38. Qxe4 Qf6 39. Rf1 Bf5 1/2-1/2

[Event "Al Ain Classic 2012"]
[Site "Al-Ain UAE"]
[Date "2012.12.25"]
[Round "4.11"]
[White "Lodhi, Mahmood"]
[Black "El Ghazali, Youssef M."]
[Result "1-0"]
[WhiteTitle "IM"]
[BlackTitle "IM"]
[WhiteElo "2353"]
[BlackElo "2244"]
[WhiteFideId "7800010"]
[BlackFideId "10600167"]
[EventDate "2012.12.22"]

1. d4 d5 2. Nf3 e6 3. g3 c5 4. Bg2 Nc6 5. O-O Nf6 6. b3 cxd4 7. Nxd4 Bc5 8. e3
Qb6 9. Bb2 Bxd4 10. exd4 O-O 11. Na3 Na5 12. Re1 Bd7 13. Qd2 Rac8 14. Rac1 Nc4
15. Nxc4 dxc4 16. Ba3 Rfe8 17. Bc5 Qa6 18. bxc4 b6 19. Bd6 Qxc4 20. Be5 Nd5 21.
Bxd5 Qxd5 22. Qg5 f6 23. Bxf6 Qxg5 24. Bxg5 Rc4 25. c3 Rec8 26. Bd2 Ra4 27. Ra1
b5 28. a3 Kf7 29. f4 g6 30. Kf2 Rc6 31. Reb1 Rca6 32. Rb3 Bc6 33. Bc1 Rb6 34.
Ke3 Bd5 35. Rb4 Bc4 36. g4 a5 37. Rbb1 b4 38. axb4 Rxa1 39. Rxa1 axb4 40. Ra7+
Ke8 41. Rc7 b3 42. Rxc4 b2 43. Bxb2 Rxb2 44. h4 Rh2 45. Rc7 Rxh4 46. g5 Kd8 47.
Rg7 Rh3+ 48. Ke4 Rxc3 49. Rxh7 Rc1 50. Ke5 Re1+ 51. Kd6 Kc8 52. Rc7+ Kb8 53. Re7
Re4 54. Rxe6 Rxf4 55. d5 Ra4 56. Ke7 Rd4 57. d6 Kb7 58. Rxg6 Kc6 59. Re6 1-0

[Event "Al Ain Classic 2012"]
[Site "Al-Ain UAE"]
[Date "2012.12.25"]
[Round "4.12"]
[White "Tissir, Mohamed"]
[Black "Senador, Emmanuel"]
[Result "1/2-1/2"]
[WhiteTitle "IM"]
[BlackTitle "IM"]
[WhiteElo "2411"]
[BlackElo "2352"]
[WhiteFideId "9000240"]
[BlackFideId "5200601"]
[EventDate "2012.12.22"]

1. e4 e5 2. Nf3 Nc6 3. Bc4 Nf6 4. d3 Be7 5. O-O O-O 6. Re1 d6 7. c3 a6 8. Bb3
Nd7 9. d4 Bf6 10. a4 Re8 11. h3 Nf8 12. Na3 Ng6 13. d5 Nce7 14. Nc4 Bd7 15. a5
Kh8 16. Ba4 Nf8 17. Bxd7 Nxd7 18. b4 g6 19. Ne3 Bg7 20. c4 h6 21. Nd2 f5 22. f3
f4 23. Nef1 g5 24. Ba3 Ng6 25. c5 Rg8 26. Qe2 Bf8 27. Rec1 h5 28. Nh2 Nh4 29. c6
bxc6 30. Rxc6 Nf6 31. Rac1 Rg7 32. R1c3 Kg8 33. Kf1 Rc8 34. Qf2 Be7 35. Ke2 Qd7
36. Kd1 Bd8 37. Kc2 Ra8 38. Kb3 Qf7 39. Qe2 Qd7 40. Qf2 Qf7 41. Qe2 Qd7 42. Qf2 1/2-1/2

[Event "Al Ain Classic 2012"]
[Site "Al-Ain UAE"]
[Date "2012.12.25"]
[Round "4.13"]
[White "Javanbakht, Nima"]
[Black "Enkhtuul, Altanulzii"]
[Result "1-0"]
[WhiteTitle "FM"]
[BlackTitle "WIM"]
[WhiteElo "2406"]
[BlackElo "2153"]
[WhiteFideId "12510670"]
[BlackFideId "4901444"]
[EventDate "2012.12.22"]

1. d4 g6 2. e4 Bg7 3. c4 c5 4. d5 d6 5. Bd3 Nd7 6. f4 b5 7. Nd2 bxc4 8. Nxc4 Nb6
9. Nf3 Nf6 10. O-O O-O 11. Qe2 Ba6 12. Bd2 Bxc4 13. Bxc4 Nh5 14. e5 Bh6 15. g3
Nxc4 16. Qxc4 Qc8 17. Rae1 Rb8 18. Bc3 Bxf4 19. gxf4 Qg4+ 20. Kh1 Nxf4 21. Nh4
Qxh4 22. Qxf4 Qh5 23. exd6 Qxd5+ 24. Kg1 e5 25. Qxe5 Qxe5 26. Bxe5 Rbd8 27. Rc1
f6 28. Bg3 h5 29. Rfd1 1-0

[Event "Al Ain Classic 2012"]
[Site "Al-Ain UAE"]
[Date "2012.12.25"]
[Round "4.14"]
[White "Mohamed, Tarek"]
[Black "Mammadov, Zaur"]
[Result "1-0"]
[BlackTitle "IM"]
[WhiteElo "2274"]
[BlackElo "2459"]
[WhiteFideId "10617981"]
[BlackFideId "13401033"]
[EventDate "2012.12.22"]

1. Nf3 d5 2. c4 c6 3. b3 Nf6 4. g3 g6 5. Bg2 Bg7 6. Bb2 Qb6 7. Qc1 O-O 8. O-O
Bf5 9. d3 Nbd7 10. Nbd2 Rfe8 11. Nd4 Bg4 12. h3 e5 13. hxg4 exd4 14. g5 Ng4 15.
cxd5 cxd5 16. Bxd5 Qa5 17. Bxb7 Qxg5 18. Nf3 Qh5 19. Qg5 Qh3 20. Qh4 Qxh4 21.
gxh4 Rad8 22. Rfe1 Nc5 23. Bc6 Re6 24. Bb5 Rf6 25. Bc1 Rf5 26. Bg5 Rb8 27. Bc4
Nb7 28. Rac1 Re8 29. Kg2 Nd6 30. Kg3 Nf6 31. Kg2 Ng4 32. Rc2 h6 33. Bc1 Rh5 34.
Ba6 Ra5 35. Rc6 Nf5 36. a4 Ne5 37. Rc8 Rxc8 38. Bxc8 Nxf3 39. exf3 Nxh4+ 40. Kg3
Nf5+ 41. Bxf5 gxf5 42. Ba3 Be5+ 43. f4 Bf6 44. Rc1 Kg7 45. Rc7 h5 46. Bc5 a6 47.
Rc6 Bd8 48. Bxd4+ f6 49. Rd6 Be7 50. Rd7 Kf8 51. Bb6 Ke8 52. Rxe7+ 1-0

[Event "Al Ain Classic 2012"]
[Site "Al-Ain UAE"]
[Date "2012.12.25"]
[Round "4.15"]
[White "Nesterovskaya, Anzhelika"]
[Black "Can, Emre"]
[Result "0-1"]
[WhiteTitle "WF"]
[BlackTitle "GM"]
[WhiteElo "2133"]
[BlackElo "2448"]
[WhiteFideId "14114895"]
[BlackFideId "6302181"]
[EventDate "2012.12.22"]

1. e4 c5 2. Nf3 d6 3. d4 cxd4 4. Nxd4 Nf6 5. Nc3 a6 6. a4 g6 7. Be2 Bg7 8. O-O
O-O 9. a5 Nc6 10. Nb3 Be6 11. Be3 Bxb3 12. Bb6 Bxc2 13. Qxc2 Qc8 14. Qd2 Qe6 15.
f3 Ne5 16. Rfc1 Rac8 17. Ra4 Rc6 18. Be3 Rfc8 19. f4 Nc4 20. Bxc4 Rxc4 21. Rxc4
Rxc4 22. e5 Ng4 23. b3 Rc8 24. Bd4 dxe5 25. fxe5 Nxe5 0-1

[Event "Al Ain Classic 2012"]
[Site "Al-Ain UAE"]
[Date "2012.12.25"]
[Round "4.16"]
[White "Labib, Ibrahim Hasan"]
[Black "Mohannad, Farhan"]
[Result "1-0"]
[WhiteTitle "IM"]
[BlackTitle "FM"]
[WhiteElo "2432"]
[BlackElo "2263"]
[WhiteFideId "10600426"]
[BlackFideId "8100918"]
[EventDate "2012.12.22"]

1. Nf3 Nf6 2. c4 e6 3. d4 Bb4+ 4. Bd2 c5 5. Bxb4 cxb4 6. e3 O-O 7. Bd3 Nc6 8.
O-O d6 9. Nbd2 e5 10. Qc2 Re8 11. Ne4 h6 12. dxe5 dxe5 13. c5 Bg4 14. Nfd2 Nxe4
15. Nxe4 Qe7 16. Nd6 Rf8 17. Bh7+ Kh8 18. Be4 a5 19. Bxc6 bxc6 20. Qe4 f5 21.
Qxc6 e4 22. Rfe1 Qf6 23. h3 Bh5 24. Qd5 Rad8 25. a3 b3 26. Qxb3 Qg6 27. Kh2 Rb8
28. Qc3 a4 29. Qe5 Rb3 30. Rac1 Rd3 31. Nc4 Re8 32. Qf4 Qf6 33. g4 fxg4 34. Qxf6
gxf6 35. c6 gxh3 36. c7 Bg4 37. Rg1 h5 38. Rxg4 hxg4 39. Nb6 Rd2 40. Kg3 Rxb2
41. c8=Q Rxc8 42. Rxc8+ Kg7 43. Nxa4 Rb1 44. Kh2 Ra1 45. Nc3 f5 46. Rc7+ Kg6 47.
Rc6+ Kg5 48. Rc5 Kg6 49. Nd5 Ra2 50. Kg3 h2 51. Kxh2 Rxf2+ 52. Kg1 Ra2 53. Ne7+
Kf6 54. Nxf5 Rxa3 55. Kf2 Ra1 56. Nd6 Ra4 57. Kg3 Ke6 58. Nf5 Ra1 59. Kxg4 Rf1
60. Nd4+ Kd6 61. Rf5 Rh1 62. Rh5 Rf1 63. Rh6+ Kd5 64. Rh5+ Kc4 65. Re5 Kd3 66.
Nf5 Rg1+ 67. Kf4 Rf1+ 68. Kg5 Rg1+ 69. Kf6 Rf1 70. Rd5+ Ke2 71. Ke5 Kf3 72. Ra5
Rb1 73. Rc5 Ra1 74. Nd4+ Kxe3 75. Nc2+ Kf2 76. Nxa1 e3 77. Nc2 1-0

[Event "Al Ain Classic 2012"]
[Site "Al-Ain UAE"]
[Date "2012.12.25"]
[Round "4.17"]
[White "Abdulov, Orkhan"]
[Black "Visweswaran, K."]
[Result "0-1"]
[WhiteTitle "IM"]
[BlackTitle "FM"]
[WhiteElo "2387"]
[BlackElo "2158"]
[WhiteFideId "13402714"]
[BlackFideId "5005353"]
[EventDate "2012.12.22"]

1. e4 c5 2. Nf3 d6 3. d4 cxd4 4. Nxd4 Nf6 5. Nc3 a6 6. Be2 e5 7. Nb3 Be7 8. O-O
O-O 9. Be3 Be6 10. a4 Qc7 11. Nd5 Bxd5 12. exd5 Nbd7 13. c4 Nc5 14. Nxc5 dxc5
15. a5 Bd6 16. b4 Nd7 17. bxc5 Nxc5 18. f3 Rad8 19. Ra2 f5 20. Qc2 h6 21. g3 Rd7
22. Kh1 Re7 23. Bd1 Rf6 24. Rg1 Nd7 25. Bc1 Bc5 26. Rg2 Bd4 27. Qd3 Nc5 28. Qd2
f4 29. gxf4 Rxf4 30. Rg6 Ref7 31. Qe2 Rxf3 32. Qxf3 Rxf3 33. Bxf3 Qf7 34. Rg3
Ne4 35. Kg2 Nxg3 36. hxg3 Qg6 37. Re2 Qb1 38. Be3 Bxe3 39. Rxe3 Qc2+ 40. Re2
Qxc4 41. Rxe5 Qc5 42. Re2 Kf7 43. Rb2 Qxa5 44. Rxb7+ Kf6 45. Rb2 g5 46. g4 h5
47. gxh5 Kf5 48. Re2 g4 49. Be4+ Kf4 50. h6 Qb5 51. Kf1 g3 52. d6 g2+ 53. Bxg2
Qb1+ 54. Re1 Qd3+ 55. Kg1 Kg3 56. Kh1 Qd2 0-1

[Event "Al Ain Classic 2012"]
[Site "Al-Ain UAE"]
[Date "2012.12.25"]
[Round "4.18"]
[White "Sanal, Vahap"]
[Black "Tabatabaei, M.amin"]
[Result "1-0"]
[WhiteTitle "FM"]
[BlackTitle "FM"]
[WhiteElo "2382"]
[BlackElo "2134"]
[WhiteFideId "6300545"]
[BlackFideId "12521213"]
[EventDate "2012.12.22"]

1. e4 c6 2. d4 d5 3. e5 Bf5 4. Be3 e6 5. Be2 Be7 6. Nd2 Nd7 7. f4 c5 8. Ngf3 c4
9. O-O h5 10. Ng5 h4 11. a4 Rc8 12. c3 Qb6 13. Ra2 Bg6 14. a5 Qc6 15. Bf2 Bxg5
16. fxg5 Ne7 17. Qe1 Nf5 18. Bg4 Qb5 19. Qe2 Ne7 20. Rfa1 Bd3 21. Qe1 Bf5 22.
Bd1 Ng6 23. a6 bxa6 24. Rxa6 O-O 25. Rxa7 Nb6 26. R7a2 Ra8 27. Be2 Nf4 28. Bf1
Nd3 29. Qe3 Rxa2 30. Rxa2 Nxb2 31. Bxh4 N6a4 32. Ra1 Nd3 33. g6 Bxg6 34. Ra3
Nxc3 35. Rxc3 Qb2 36. Rxd3 cxd3 37. Bf2 Ra8 38. Qf4 Qc1 39. Be3 Ra1 40. Nb3 Qd1
41. Nxa1 Qxa1 42. Qf2 Qb1 43. Qd2 Be4 44. Kf2 Bg6 45. h3 Be4 46. h4 Bg6 47. h5
Bf5 48. h6 gxh6 49. Bxh6 Bg6 50. Qf4 Kh7 51. Bg5 Kg8 52. Bh6 Kh7 53. Bf8 Qb2+
54. Kg3 Kg8 55. Qh6 1-0

[Event "Al Ain Classic 2012"]
[Site "Al-Ain UAE"]
[Date "2012.12.25"]
[Round "4.21"]
[White "Esen, Baris"]
[Black "Kisuze, Stephen Ssemmango"]
[Result "1-0"]
[WhiteTitle "GM"]
[BlackTitle "FM"]
[WhiteElo "2576"]
[BlackElo "2150"]
[WhiteFideId "6302114"]
[BlackFideId "10000186"]
[EventDate "2012.12.22"]

1. d4 d5 2. Nf3 e6 3. c4 Nf6 4. Nc3 c5 5. cxd5 exd5 6. Bg5 Nc6 7. e3 cxd4 8.
Nxd4 Be7 9. Bb5 Bd7 10. Bxf6 Bxf6 11. Nxd5 Bxd4 12. exd4 O-O 13. O-O Qg5 14. Nc3
Rad8 15. d5 Nb4 16. Bxd7 Rxd7 17. Qa4 1-0

[Event "Al Ain Classic 2012"]
[Site "Al-Ain UAE"]
[Date "2012.12.25"]
[Round "4.23"]
[White "Molina, Antonio"]
[Black "Ezat, Mohamed"]
[Result "0-1"]
[WhiteTitle "FM"]
[BlackTitle "IM"]
[WhiteElo "2099"]
[BlackElo "2450"]
[WhiteFideId "5201365"]
[BlackFideId "10600906"]
[EventDate "2012.12.22"]

1. d4 g6 2. c4 Bg7 3. Nc3 Nf6 4. e4 d6 5. Nf3 O-O 6. Be2 e5 7. O-O Nc6 8. d5 Ne7
9. Ne1 Nd7 10. Be3 f5 11. f3 f4 12. Bf2 g5 13. a4 a5 14. Nd3 Ng6 15. c5 Nf6 16.
cxd6 cxd6 17. Qb3 g4 18. Qb6 g3 19. hxg3 fxg3 20. Be3 Qe7 21. Nb5 Nh5 22. Rfc1
Ra6 23. Qc7 Qh4 24. Qxc8 Rxc8 25. Rxc8+ Kf7 26. Rac1 Bh6 27. f4 Nhxf4 28. R1c7+
Kf6 29. Nxf4 Bxf4 0-1

[Event "Al Ain Classic 2012"]
[Site "Al-Ain UAE"]
[Date "2012.12.25"]
[Round "4.24"]
[White "Khadzh Khamed, Naser"]
[Black "Shyam, Nikil P."]
[Result "0-1"]
[BlackTitle "IM"]
[WhiteElo "2021"]
[BlackElo "2431"]
[WhiteFideId "14118920"]
[BlackFideId "5024218"]
[EventDate "2012.12.22"]

1. e4 c5 2. Nf3 a6 3. d4 cxd4 4. Nxd4 Nf6 5. Nc3 e5 6. Nb3 Bb4 7. Bd3 d5 8. Bd2
Bxc3 9. Bxc3 dxe4 10. Be2 Qe7 11. Qd2 Nc6 12. Na5 O-O 13. Nxc6 bxc6 14. Qg5 Re8
15. Rd1 h6 16. Qg3 Nd5 17. Bd2 Qe6 18. c4 Ne7 19. Qh4 f5 20. Bb4 Ng6 21. Qg3 Nf4
22. Rd6 Qf7 23. Rxc6 Bb7 24. Rc5 Rad8 25. Ba5 Rd7 26. Rg1 Qe7 27. Qa3 Nd3+ 28.
Bxd3 Rxd3 29. Qb4 Qg5 30. Ke2 Qg4+ 31. f3 Qg5 32. Qa4 exf3+ 33. Kxd3 Be4+ 34.
Kc3 Qe3+ 35. Kb4 Rb8+ 36. Rb5 axb5 37. cxb5 Qxg1 38. Qb3+ Kh7 0-1